Hombre y zorros
Salvato in:
| Autore principale: | |
|---|---|
| Natura: | Libro |
| Lingua: | spagnolo |
| Pubblicazione: |
Santiago
Nascimento
1945
|
| Edizione: | 2a. ed |
| Soggetti: | |
| Tags: |
Aggiungi Tag
Nessun Tag, puoi essere il primo ad aggiungerne!!
|
MARC
| LEADER | 00000nam a2200000 a 4500 | ||
|---|---|---|---|
| 001 | UCQ6272 | ||
| 003 | CL-VaPUC | ||
| 008 | 981009e19450000CL |||||||||||||||||spa|d | ||
| 082 | 0 | 4 | |a Ch863 |b LAT |2 21 |
| 100 | |a Latorre Court, Mariano |e author |9 611032 | ||
| 245 | 1 | 0 | |a Hombre y zorros |
| 250 | |a 2a. ed | ||
| 300 | |a 231 p | ||
| 942 | |c BK | ||
| 945 | |d 19981009 00:00:00 |a crobeson | ||
| 260 | |a Santiago |b Nascimento |c 1945 | ||
| 650 | 0 | |a Novelas chilenas |9 265425 | |
| 650 | 0 | |a Literatura chilena |9 308278 | |
| 583 | |a last modification |c 19981009 00:00:00 |k Rodrigo Vera | ||
| 999 | |c 276273 |d 276271 | ||
| 952 | |0 0 |1 0 |4 0 |6 CH_863_000000000000000_LAT_1945 |7 0 |8 A |9 313435 |a BIBEDU |b BIBEDU |c ES_NOD |d 2019-11-20 |i 1477609 |o Ch863 LAT 1945 |p 1477609 |r 2023-08-09 |w 2019-11-20 |y BK |k LIT | ||